| 000 | 00779nam a2200301Ia 4500 | ||
|---|---|---|---|
| 008 | 160525s9999||||xx |||||||||||||| ||und|| | ||
| 040 | _cMarathi | ||
| 082 | _aXI.G/Dixit | ||
| 082 | _bBORI-64418 | ||
| 100 | _aShankar Balkrushna Dixit | ||
| 245 | _aBharatvarshiya Bhuvavarnan Prachin | ||
| 260 | _aPune | ||
| 260 | _bBalwant Ganesh Dabholkar | ||
| 260 | _c1899 | ||
| 300 | _a12+346pp | ||
| 300 | _cA | ||
| 300 | _ePaperback | ||
| 530 | _b"Natu, V. V." | ||
| 530 | _u00064418.pdf | ||
| 563 | _aStudy | ||
| 600 | _aShankar Balkrushna Dixit | ||
| 630 | _aBharatvarshiya Bhuvavarnan Prachin | ||
| 650 | _aGeneral Indology | ||
| 650 | _aGeography | ||
| 700 | _aShankar Balkrushna Dixit | ||
| 730 | _aBharatvarshiya Bhuvavarnan Prachin | ||
| 942 | _cBOOK | ||
| 999 |
_c1381710 _d1381707 |
||